Apuntes constitucionales

Bibliographic Details
Main Author: Castro Lozano, Juan de Dios
Format: eBook
Language:Spanish
Published: Mx̌ico D.F. Fondo de Cultura Econm̤ica, 2012
Subjects:
Online Access:Acceso restringido

MARC

LEADER 00000nam a22000007a 4500
005 20150731144112.0
007 cr|||| ||||
008 150731s2012 mx |||||s|||| 00||0 spa d
020 |a 978-607-16-1194-9 
035 |a 12790 
040 |a vLex 
090 |c 5493  |d 5493 
100 1 |a Castro Lozano, Juan de Dios 
245 1 0 |a Apuntes constitucionales  |h [Recurso electrn̤ico] /  |c Juan de Dios Castro Lozano 
256 |a Servicio en ln̕ea 
260 |a Mx̌ico D.F.  |b Fondo de Cultura Econm̤ica,  |c 2012 
300 |a 1 recurso electrn̤ico 
506 1 |a Contenido disponible en los productos indicados  |d vLex Global  |d vLex Global (Academic Edition, excluding Law Schools)  |d vLex Global (U.S. Academic Edition, Law Schools)  |d vLex Global (U.S. Academic Edition, excluding Law Schools)  |d vLex Global (Academic Edition, Law Schools) 
650 0 4 |a Derecho constitucional  |z Mx̌ico 
740 0 |a vLex Libros (Servicio en ln̕ea) 
856 4 0 |u http://vlex.com/source/apuntes-constitucionales-12790  |z Acceso restringido 
942 |c BOOK 
999 |a Constitutional law